Datum a čas kvízu
28
Celkem bodů
Celkový počet nahraných bodů na tomto kvízu bez doplňovacích otázek.
6.
Pořadí na kvízu
Konečné umístění týmu na tomto kvízu.
Zaznamenané odpovědi
| # | Otázka | Odpověď | Body | Výsledky |
|---|---|---|---|---|
| 1. | Jistá česká osobnost získala m... | Václav Havel | 0 | |
| 2. | V jednom z evropských států je... | Lucembursko | 0 | |
| 3. | Ve středu mělo na Berlínském f... | Šarlatán | 0 | |
| 4. | Akcionáři jedné mediální spole... | CME, PPF | 0.5 | |
| 5. | Pětinásobná grandslamová vítěz... | Maria Šarapovová | 1 | |
| 6. | Peníze máme v ruce každý den,... | Padělání bankovek se trestá podle zákona. | 0 | |
| 7. | Která z těchto osobností jako... | A | 0 | |
| 8. | Celkem kolikrát je na obou str... | čtyřikrát | 0 | |
| 9. | Kolik Kč činí nominální hodnot... | 200 Kč | 0 | |
| 10. | Které z mincí o hodnotě 1 až 5... | všechny | 1 |